000 00303nam a22001337a 4500
008 181203b xxu||||| |||| 00| 0 eng d
020 _a084033284-X
041 _aeng
080 _22nd
_a371
100 _a46
101 _aEDU
245 _aFundamental Reading Skills
_cWoodhouse,F.R
942 _2udc
_cBK
999 _c52715
_d52715